Loading...
| Science - Other Science | 3 | 5 | 1 | 0 | 90 | 41 | 78.63 | 3 | 8 |
| Geography | 4 | 1 | 0 | 1 | 70 | 45 | 82.60 | 3 | 5 |
| History - World History | 1 | 4 | 0 | 1 | 55 | 44 | 104.40 | 2 | 5 |
| Science - Biology | 0 | 4 | 0 | 1 | 40 | 81 | 110.75 | 0 | 4 |
| Social Science | 1 | 2 | 0 | 0 | 35 | 52 | 98.67 | 1 | 3 |
| Fine Arts - Visual Fine Arts | 0 | 4 | 1 | 0 | 35 | 107 | 127.50 | 1 | 4 |
| History - Ancient History | 0 | 3 | 0 | 1 | 30 | 107 | 118.67 | 1 | 3 |
| Science - Physics | 0 | 3 | 0 | 2 | 30 | 113 | 127.33 | 0 | 3 |
| History - American History | 1 | 1 | 0 | 0 | 25 | 60 | 78.00 | 1 | 2 |
| Current Events | 0 | 2 | 0 | 0 | 20 | 70 | 92.00 | 1 | 2 |
| Science - Chemistry | 0 | 2 | 0 | 1 | 20 | 97 | 117.00 | 0 | 2 |
| History - European History | 0 | 2 | 1 | 1 | 15 | 82 | 108.00 | 0 | 2 |
| Fine Arts - Auditory Fine Arts | 0 | 1 | 0 | 0 | 10 | 141 | 141.00 | 1 | 1 |
| Mythology | 0 | 1 | 0 | 1 | 10 | 146 | 146.00 | 0 | 1 |
| Religion | 0 | 2 | 2 | 1 | 10 | 135 | 143.00 | 0 | 2 |